| 000 | 00772nam a2200253 i 4500 | ||
|---|---|---|---|
| 001 | 000016462 | ||
| 003 | DO-SdBNP | ||
| 005 | 20241031114648.0 | ||
| 007 | ta | ||
| 008 | 100305s1973 dr 000 0 spa d | ||
| 040 |
_aDO-SdBNP _bspa _cBNPHU _erda |
||
| 082 |
_axxxx _bO96c _222 |
||
| 100 | 1 |
_aOvalles, Alejandro _936675 _eautor |
|
| 245 | 1 | 0 |
_aCaamaño, el gobierno y las guerrillas / _cAlejandro Ovalles. |
| 264 |
_aSanto Domingo : _bTaller, _c1973. |
||
| 300 |
_a157 páginas ; _c20 cm. |
||
| 336 |
_ardacontent _btexto _2txt |
||
| 337 |
_ardamedia _bsin mediación _2n |
||
| 338 |
_ardacarrier _bvolumen _2nc |
||
| 590 | _aPerteneció a la biblioteca personal de Juan Isidro Jimenes Grullón | ||
| 590 | _aInventariado, 2024/DG | ||
| 910 | _aDG | ||
| 942 |
_2ddc _cLBS1 |
||
| 999 |
_c15997 _d15997 |
||